00557nam a2200169Ia 450000500170000000800410001702000150005808200130007310000190008624500760010526000290018130000130021050000480022394200060027195200950027799900150037220250704031539.0240331s9999 xx 000 0 und d a9559261266 bTISa823 aTissa Kumara,A 0aSinhala sahithyayata stree dayakathwaya :bpurwa yatath vijitha avadiya bAuthor's Statementc2003 a222 p ., aWomen's Contribution to Sinhala Literature cL 001040708LaWERCLbWERCLcSSCd2024-03-31l0o 823 TISp4798r2024-03-31w2024-03-31yL c5564d5564